Words Starting with “-aa” - Statistics

General Stats
  • This quiz has been taken 12 times
  • The average score is 5 of 21
Answer Stats
Answer % Correct
Aa
100%
Aardvark
73%
Aal
64%
Aas
55%
Aah
45%
Aahs
18%
Aals
18%
Aardvarks
18%
Aardwolf
18%
Aardwolves
18%
Aahed
9%
Aahing
9%
Aalii
9%
Aaliis
9%
Aargh
9%
Aarrgh
9%
Aarrghh
9%
Aarti
9%
Aartis
9%
Aasvogel
9%
Aasvogels
9%
No matching quizzes found
Score Distribution
Percent of People with Each Score
Percentile by Number Answered
Your Score History
You have not taken this quiz